Catálogo
 En Linea

Cantar de ciegos / (Registro nro. 15793)

Detalles MARC
000 -CABECERA
campo de control de longitud fija 00836nam a2200241 a 4500
001 - NÚMERO DE CONTROL
campo de control 000016256
005 - FECHA Y HORA DE LA ÚLTIMA TRANSACCIÓN
campo de control 20200929164335.0
008 - DATOS DE LONGITUD FIJA--INFORMACIÓN GENERAL
campo de control de longitud fija 100302s2008 mx 000 j spa d
020 ## - NÚMERO INTERNACIONAL ESTÁNDAR DEL LIBRO
Número Internacional Estándar del Libro 9789705800894
040 ## - FUENTE DE LA CATALOGACIÓN
Centro catalogador/agencia de origen DO-SdBNP
Lengua de catalogación spa
Centro/agencia transcriptor BNPHU
082 ## - NÚMERO DE LA CLASIFICACIÓN DECIMAL DEWEY
Número de clasificación P863.44
Número de documento/Ítem F954c
049 ## - FONDOS LOCALES (OCLC)
Fondos de biblioteca BNPD
100 1# - ENTRADA PRINCIPAL--NOMBRE DE PERSONA
Nombre de persona Fuentes, Carlos,
Fechas asociadas al nombre 1928-
9 (RLIN) 9774
245 10 - MENCIÓN DE TÍTULO
Título Cantar de ciegos /
Mención de responsabilidad, etc. Carlos Fuentes ; cuidado de edición Lilia Granados ; corrección Bulmano Sánchez y Ramón Córdoba.
260 ## - PUBLICACIÓN, DISTRIBUCIÓN, ETC.
Lugar de publicación, distribución, etc. México :
Nombre del editor, distribuidor, etc. Santillana,
Fecha de publicación, distribución, etc. 2008.
300 ## - DESCRIPCIÓN FÍSICA
Extensión 232 p. ;
Dimensiones 24 cm.
500 ## - NOTA GENERAL
Nota general Incluye datos biográficos del autor en las solapas
650 #4 - PUNTO DE ACCESO ADICIONAL DE MATERIA--TÉRMINO DE MATERIA
Término de materia o nombre geográfico como elemento de entrada Cuentos panameños
9 (RLIN) 18046
650 #4 - PUNTO DE ACCESO ADICIONAL DE MATERIA--TÉRMINO DE MATERIA
Término de materia o nombre geográfico como elemento de entrada Literatura panameña
9 (RLIN) 4261
700 1# - PUNTO DE ACCESO ADICIONAL--NOMBRE DE PERSONA
Nombre de persona Granados, Lilia,
Término indicativo de función/relación ed.
9 (RLIN) 36316
700 1# - PUNTO DE ACCESO ADICIONAL--NOMBRE DE PERSONA
Nombre de persona Bulmano, Sánchez,
Término indicativo de función/relación corr.
9 (RLIN) 36317
700 1# - PUNTO DE ACCESO ADICIONAL--NOMBRE DE PERSONA
Nombre de persona Córdoba, Ramón,
Término indicativo de función/relación corr.
9 (RLIN) 36318
Existencias
Estado de retiro Estado de pérdida Restricciones de uso No para préstamo Código de colección Localización permanente Ubicación/localización actual Ubicación en estantería Fecha de adquisición Número de inventario Total de préstamos Signatura topográfica completa Código de barras Fecha visto por última vez Precio válido a partir de Tipo de ítem Koha
        Monografías: Libros y Folletos General General Orden iniciada 02.03.2010 LF1   P863.44 F954c 16256-10 25.06.2020 25.06.2020 No se presta

Con tecnología Koha